Shia LaBeouf Filmography - Statistics

General Stats
  • This quiz has been taken 83 times
    25 since last reset
  • The average score is 19 of 66
Answer Stats
Type Year Name % Correct
Film 2007 Transformers
100%
Video Game 2007 Transformers: The Game
100%
TV Show 2000-2003 Even Stevens
77%
Film 2003 Holes
77%
Film 2011 Transformers: Dark of the Moon
69%
Film 2009 Transformers: Revenge of the Fallen
69%
Video Game 2009 Transformers: Revenge of the Fallen
69%
Film 2007 Disturbia
54%
TV Show 2007, 2008 Saturday Night Live
54%
Film 2014 Fury
46%
Film 2019 The Peanut Butter Falcon
46%
Film 2016 American Honey
38%
Film 2008 Indiana Jones and the Kingdom of the Crystal Skull
38%
Film 2013 Nymphomaniac
38%
Film 2005 Constantine
31%
Film 2008 Eagle Eye
31%
TV Show 2000 Freaks and Geeks
31%
Film 2019 Honey Boy
31%
Film 2004 I, Robot
31%
Film 2012 Lawless
31%
Film 2024 Megalopolis
31%
Film 2007 Surf's Up
31%
Video Game 2007 Surf's Up
31%
Film 2005 The Greatest Game Ever Played
31%
Film 2010 Wall Street: Money Never Sleeps
31%
Film 2006 A Guide to Recognizing Your Saints
23%
Film 2017 Borg vs McEnroe
23%
Film 2003 Charlie's Angels: Full Throttle
23%
Music Video 2015 Elastic Heart
23%
TV Show 2000 ER
23%
Music Video 2012 Fjögur Píanó
23%
Music Video 2020 Love Me Like You Hate Me
23%
Film 2015 Man Down
23%
Short Film 2011 MANIAC
23%
Film 2005 Nausicaä of the Valley of the Wind
23%
Film 2009 New York, I Love You
23%
Film 2020 Pieces of a Woman
23%
TV Film 2003 The Even Stevens Movie
23%
Film 2020 The Tax Collector
23%
TV Show 1999 The X-Files
23%
Documentary 2021 A Man Named Scott
15%
Film 2006 Bobby
15%
Director 2011 Born Villain
15%
TV Film 1998 Breakfast with Einstein
15%
TV Show 1998 Caroline in the City
15%
Film 2013 Charlie Countryman
15%
Film TBA God of the Rodeo
15%
Theater 2023 Henry Johnson
15%
Film 2025 Henry Johnson
15%
TV Film 2001 Hounded
15%
Director 2012 Howard Cantour.com
15%
TV Show 1999 Jesse
15%
Film 1998 Monkey Business
15%
Film 2022 Padre Pio
15%
Documentary Series 2003 Project Greenlight
15%
Film 2025 Salvable
15%
Documentary 2025 Slauson Rec
15%
TV Show 1999 Suddenly Susan
15%
Film 2003 The Battle of Shaker Heights
15%
Film 1998 The Christmas Path
15%
Film 2012 The Company You Keep
15%
TV Show 2001 The Nightmare Room
15%
TV Show 2002 The Proud Family
15%
TV Show 1999 Touched by an Angel
15%
TV Film 2002 Tru Confessions
15%
Documentary 2023 The Dividers
0%
No matching quizzes found
Score Distribution
Percent of People with Each Score
Percentile by Number Answered
Your Score History
You have not taken this quiz since the last reset